[Event "Verbandsliga Suedbaden 2223"]
[Site "Germany"]
[Date "2023.03.05"]
[Round "7.4"]
[White "Scherer, Max"]
[Black "Malcher, Wilfried"]
[Result "1-0"]
[WhiteElo "2137"]
[BlackElo "2010"]
[PlyCount "103"]
[EventDate "2022.09.25"]
[EventType "team-tourn"]
[EventRounds "9"]
[EventCountry "GER"]
[SourceTitle "EXT 2024"]
[Source "ChessBase"]
[SourceDate "2023.10.10"]
[SourceVersion "1"]
[SourceVersionDate "2023.10.10"]
[SourceQuality "1"]
[WhiteTeam "Dreisamtal"]
[BlackTeam "Heitersheim"]
[WhiteTeamCountry "GER"]
[BlackTeamCountry "GER"]

1. c4 g6 2. g3 Bg7 3. Bg2 e5 4. Nc3 d6 5. b4 Ne7 6. Rb1 c6 7. b5 0-0 8. bxc6 bxc6 9. Ba3 Ba6 10. Qa4 Qc7 11. Rxb8 Raxb8 12. Qxa6 Rb6 13. Qa4 Rfb8 14. Qc2 Ra6 15. Bc1 d5 16. Nh3 d4 17. Ne4 Qa5 18. a3 f5 19. Neg5 h6 20. Nf3 e4 21. Nh4 g5 22. Nxf5 Qxf5 23. Qxe4 Qxe4 24. Bxe4 Ra5 25. f4 gxf4 26. Nxf4 Re5 27. d3 Rb1 28. 0-0 Ra5 29. Kg2 Re5 30. g4 c5 31. Nh5 Rb6 32. Bf4 Ree6 33. Bc7 Rb2 34. Nf4 Rf6 35. h4 Rxf4 36. Rxf4 Rxe2+ 37. Kf1 Ra2 38. Bd6 Nc8 39. Bxc5 Ra1+ 40. Kg2 Ra2+ 41. Kf3 Nb6 42. g5 hxg5 43. hxg5 Nd7 44. Bd5+ Kh7 45. Rh4+ Kg6 46. Be4+ Kf7 47. g6+ Ke6 48. Bd5+ Kf5 49. Rf4+ Kxg6 50. Bf7+ Kh6 51. Rh4+ Kg5 52. Be7+ 1-0

[Event "Verbandsliga Suedbaden 2122"]
[Site "Baden"]
[Date "2022.06.26"]
[Round "6.5"]
[White "Malcher, Wilfried"]
[Black "Nabavi, Parwis"]
[Result "0-1"]
[WhiteElo "2010"]
[BlackElo "2172"]
[PlyCount "80"]
[EventDate "2021.10.10"]
[EventType "team-tourn"]
[EventRounds "9"]
[EventCountry "GER"]
[SourceTitle "EXT 2023"]
[Source "ChessBase"]
[SourceDate "2022.10.05"]
[SourceVersion "1"]
[SourceVersionDate "2022.10.05"]
[SourceQuality "1"]
[WhiteTeam "Heitersheim"]
[BlackTeam "Dreisamtal"]
[WhiteTeamCountry "GER"]
[BlackTeamCountry "GER"]

1. d4 d5 2. c4 e6 3. Nc3 Nf6 4. Bg5 Be7 5. e3 0-0 6. cxd5 exd5 7. Bd3 c6 8. Nge2 Nbd7 9. 0-0 Re8 10. f3 Nf8 11. Qd2 Ne6 12. Bh4 b6 13. Bf2 Bb7 14. Rad1 c5 15. Bb5 Rf8 16. Ng3 g6 17. Kh1 Qc7 18. a3 Rad8 19. Bd3 Rfe8 20. Qc2 a6 21. f4 cxd4 22. f5 dxc3 23. fxe6 fxe6 24. Bxg6 Rf8 25. Bd3 Rc8 26. b4 Qe5 27. Ne2 Ng4 28. Bxh7+ Kh8 29. Nf4 Rxf4 30. exf4 Nxf2+ 31. Rxf2 Qg7 32. Rf3 Qxh7 33. Rh3 Qxh3 34. gxh3 d4+ 35. Kg1 Bf6 36. Qe2 Rg8+ 37. Kf1 Bg2+ 38. Qxg2 Rxg2 39. Kxg2 c2 40. Rc1 d3 0-1

[Event "Verbandsliga Suedbaden 2122"]
[Site "Baden"]
[Date "2022.04.24"]
[Round "9.4"]
[White "Malcher, Wilfried"]
[Black "Kruse, Lars Benedikt"]
[Result "1-0"]
[WhiteElo "2010"]
[BlackElo "1859"]
[PlyCount "67"]
[EventDate "2021.10.10"]
[EventType "team-tourn"]
[EventRounds "9"]
[EventCountry "GER"]
[SourceTitle "EXT 2023"]
[Source "ChessBase"]
[SourceDate "2022.10.05"]
[SourceVersion "1"]
[SourceVersionDate "2022.10.05"]
[SourceQuality "1"]
[WhiteTeam "Heitersheim"]
[BlackTeam "Zaehringen"]
[WhiteTeamCountry "GER"]
[BlackTeamCountry "GER"]

1. d4 f5 2. g3 Nf6 3. Bg2 d6 4. Nf3 g6 5. 0-0 Bg7 6. c4 0-0 7. Nc3 c6 8. Rb1 Qe8 9. d5 Na6 10. b3 Bd7 11. Bb2 Rd8 12. Re1 e5 13. dxe6 Bxe6 14. Ng5 Nh5 15. Nxe6 Qxe6 16. e3 Nc5 17. Qc2 a5 18. Rbd1 g5 19. Nb5 Bxb2 20. Qxb2 Qg6 21. Nd4 Nf6 22. Qc2 Ncd7 23. f4 Ne4 24. Bxe4 fxe4 25. f5 Qh5 26. Ne6 Ne5 27. Re2 Qg4 28. Rf2 Nf3+ 29. Kh1 Qxf5 30. Nxf8 Kxf8 31. Qc3 Kg8 32. a3 Qe6 33. Qxa5 b5 34. Qxd8+ 1-0

[Event "Verbandsliga Suedbaden 2122"]
[Site "Baden"]
[Date "2021.10.31"]
[Round "2.5"]
[White "Kalix, Wolfgang"]
[Black "Malcher, Wilfried"]
[Result "1/2-1/2"]
[WhiteElo "2008"]
[BlackElo "2010"]
[PlyCount "43"]
[EventDate "2021.10.10"]
[EventType "team-tourn"]
[EventRounds "9"]
[EventCountry "GER"]
[SourceTitle "EXT 2023"]
[Source "ChessBase"]
[SourceDate "2022.10.05"]
[SourceVersion "1"]
[SourceVersionDate "2022.10.05"]
[SourceQuality "1"]
[WhiteTeam "Konstanz"]
[BlackTeam "Heitersheim"]
[WhiteTeamCountry "GER"]
[BlackTeamCountry "GER"]

1. e4 c5 2. Nf3 d6 3. Bb5+ Bd7 4. Bxd7+ Qxd7 5. 0-0 Nf6 6. Re1 Nc6 7. c3 e6 8. d4 cxd4 9. cxd4 d5 10. e5 Ne4 11. Ng5 Nxg5 12. Bxg5 Be7 13. Be3 0-0 14. Nc3 Rfc8 15. Rc1 Na5 16. b3 b5 17. Qd3 a6 18. Ne2 Rxc1 19. Rxc1 Rc8 20. Rxc8+ Qxc8 21. Bd2 Nb7 22. Qc3 1/2-1/2

[Event "Verbandsliga Suedbaden 1718"]
[Site "Baden"]
[Date "2018.05.06"]
[Round "9.2"]
[White "Schmider, Niklas"]
[Black "Malcher, Wilfried"]
[Result "1/2-1/2"]
[WhiteElo "2169"]
[BlackElo "2010"]
[PlyCount "81"]
[EventDate "2017.10.08"]
[EventType "team-tourn"]
[EventRounds "9"]
[EventCountry "GER"]
[SourceTitle "EXT 2019"]
[Source "ChessBase"]
[SourceDate "2018.10.10"]
[SourceVersion "1"]
[SourceVersionDate "2018.10.10"]
[SourceQuality "1"]
[WhiteTeam "Lahr"]
[BlackTeam "Heitersheim"]
[WhiteTeamCountry "GER"]
[BlackTeamCountry "GER"]

1. e4 c5 2. Nf3 d6 3. d4 cxd4 4. Nxd4 Nf6 5. Nc3 a6 6. Bg5 e6 7. f4 Be7 8. Qf3 Qc7 9. 0-0-0 Nbd7 10. g4 b5 11. Bxf6 Nxf6 12. g5 Nd7 13. f5 Bxg5+ 14. Kb1 Ne5 15. Qh5 Qd8 16. Nxe6 Bxe6 17. fxe6 0-0 18. h4 Bf6 19. exf7+ Rxf7 20. Nd5 Rb8 21. Be2 Qf8 22. Bd3 a5 23. Qe2 Nxd3 24. Qxd3 Be5 25. Rdf1 Rxf1+ 26. Rxf1 Qe8 27. Qb3 Kh8 28. Nc7 Qe7 29. Nxb5 h6 30. a4 Qxh4 31. Qc4 Qd8 32. Rf7 Qe8 33. Ra7 h5 34. Rf7 Bf6 35. c3 Rc8 36. Nc7 Qe5 37. Qd3 h4 38. Nd5 Qg3 39. Qe2 Qg6 40. Rd7 Re8 41. Nxf6 1/2-1/2

[Event "Berlin Spring op-A"]
[Site "Berlin"]
[Date "2014.05.02"]
[Round "4"]
[White "Reichardt, Peter"]
[Black "Malcher, Wilfried"]
[Result "1/2-1/2"]
[WhiteElo "1963"]
[BlackElo "2049"]
[PlyCount "44"]
[EventDate "2014.05.01"]
[EventType "swiss"]
[EventRounds "7"]
[EventCountry "GER"]
[SourceTitle "CBM 160 Extra"]
[Source "ChessBase"]
[SourceDate "2014.07.01"]
[SourceVersion "1"]
[SourceVersionDate "2014.07.01"]
[SourceQuality "1"]

1. d4 Nf6 2. c4 g6 3. Nc3 Bg7 4. e4 d6 5. Be2 0-0 6. f4 c5 7. Nf3 cxd4 8. Nxd4 Nc6 9. Be3 Ng4 10. Bxg4 Bxg4 11. Qxg4 Nxd4 12. Bxd4 Bxd4 13. f5 Bxc3+ 14. bxc3 Qa5 15. Kd2 Rac8 16. h4 Rxc4 17. Rh3 Qe5 18. Re1 Rfc8 19. Ree3 Ra4 20. fxg6 Rxa2+ 21. Ke1 Ra1+ 22. Kf2 Ra2+ 1/2-1/2